Statistiche per Stemmi Squadre di calcio - UEFA - Quiz n°28

Clicka qui per fare il quiz!

Statistiche generali

  • Questo quiz è stato fatto 34 volte
  • Il punteggio medio è 8 su 10

Statistiche sulle risposte

Risposta% Corretto
Football Club des Girondins de Bordeaux
97%
Associazione Calcio ChievoVerona
94%
Frosinone Calcio
94%
Rangers Football Club
94%
Sheffield United Football Club
94%
Football Club Lorient-Bretagne Sud
91%
Wimbledon Football Club
91%
Nottingham Forest Football Club
88%
Hamburger Sport-Verein
84%
Futbol'nyj Klub Zorja Luhans'k
19%

Distribuzione punteggi

Percentile per numero di risposta

Percentuale di utenti per punteggio

I tuoi punteggi nel tempo

Non hai fatto questo quiz